[Event "ROM-ch U12"]
[Site "Calimanesti Caciulata"]
[Date "2019.04.20"]
[Round "7"]
[White "Mindreci, Ioan Cristian"]
[Black "Finta, Alec Andrei"]
[Result "1-0"]
[WhiteElo "1080"]
[BlackElo "1030"]
[PlyCount "90"]
[EventDate "2019.04.15"]
[EventType "swiss"]
[EventRounds "9"]
[EventCountry "ROU"]
[SourceTitle "CBM 190 Extra"]
[Source "ChessBase"]
[SourceDate "2019.07.15"]
[SourceVersion "1"]
[SourceVersionDate "2019.07.15"]
[SourceQuality "1"]

1. c4 e5 2. g3 Nf6 3. Bg2 Bc5 4. Nc3 d6 5. e3 Nc6 6. Nge2 Bd7 7. 0-0 0-0 8. b3 a6 9. h3 Qc8 10. Kh2 Be6 11. Bb2 Qd7 12. a3 Rad8 13. d4 exd4 14. exd4 Ba7 15. d5 Bf5 16. dxc6 bxc6 17. Nd4 Bxd4 18. Qxd4 c5 19. Qd2 c6 20. Rfe1 d5 21. Rad1 d4 22. Ne2 Be4 23. Nf4 Rfe8 24. b4 Bxg2 25. Rxe8+ Rxe8 26. Kxg2 g5 27. Nd3 Ne4 28. Nxc5 Nxd2 29. Nxd7 Nxc4 30. Bxd4 Rd8 31. Nf6+ Kg7 32. Ne8+ Kg6 33. Nc7 Nxa3 34. Rd2 Nc4 35. Rd3 Nb2 36. Rb3 Rxd4 37. Rxb2 Rd7 38. Nxa6 Ra7 39. Nb8 Rc7 40. Rc2 Rb7 41. Nxc6 Rc7 42. Kf3 Kf6 43. Ke4 Ke6 44. Nd4+ Kd7 45. Rxc7+ Kxc7 1-0

[Event "ROM-ch U12"]
[Site "Calimanesti Caciulata"]
[Date "2019.04.17"]
[Round "4"]
[White "Finta, Alec Andrei"]
[Black "Nastase, Mihai Matei"]
[Result "1-0"]
[WhiteElo "1030"]
[BlackElo "1001"]
[PlyCount "67"]
[EventDate "2019.04.15"]
[EventType "swiss"]
[EventRounds "9"]
[EventCountry "ROU"]
[SourceTitle "CBM 190 Extra"]
[Source "ChessBase"]
[SourceDate "2019.07.15"]
[SourceVersion "1"]
[SourceVersionDate "2019.07.15"]
[SourceQuality "1"]

1. d4 d5 2. Nf3 Bf5 3. Nc3 g6 4. Bf4 Nf6 5. Nb5 c6 6. Nc7+ Qxc7 7. Bxc7 Na6 8. Be5 Bh6 9. e3 Bg5 10. Nxg5 h6 11. Bxf6 exf6 12. Nf3 0-0 13. Nh4 Be4 14. f3 Bf5 15. Nxf5 gxf5 16. Bxa6 bxa6 17. Qd3 a5 18. Qxf5 Rac8 19. Qxf6 Kh7 20. e4 Rcd8 21. Qxc6 Rb8 22. b3 Rb4 23. Qxd5 a6 24. Qxa5 Rxd4 25. Qf5+ Kh8 26. Qf6+ Kh7 27. Qxd4 f5 28. exf5 Rxf5 29. Qd7+ Kg6 30. Qe6+ Rf6 31. Qg4+ Kf7 32. Kf2 Rd6 33. Qc4+ Kf6 34. Rhd1 1-0